Normal view
MARC view
Entry Personal Name
001 - CONTROL NUMBER
- control field: 60828
003 - CONTROL NUMBER IDENTIFIER
- control field: dpl
005 - DATE AND TIME OF LATEST TRANSACTION
- control field: 20240110145432.0
008 - FIXED-LENGTH DATA ELEMENTS
- fixed length control field: 240110|| aca||aabn | a|a d
040 ## - CATALOGING SOURCE
- Original cataloging agency: dpl
- Transcribing agency: dpl
100 ## - HEADING--PERSONAL NAME
- Personal name: Angra, Kiran
670 ## - SOURCE DATA FOUND
- Source citation: Work cat.: (dpl)146936: Angra, Kiran, Legacy of pandit jawahar lal nehru /, 2016
